000 00626nam a2200181Ia 4500
003 GCL
008 140319s9999 xx 000 0 ara d
040 _aGCL /
_cGCL
082 0 4 _a551.1
_bا ج
100 1 _aابراهيم على عيدو
245 1 0 _aالجيولوجيا الهندسية والخرائط الجيولوجية وطرق المسح الجيولوجى /
_cابراهيم على عيدو
260 _a[S.N] :
_bدار الراتب الجامعية ،
_c1992
490 _a
650 0 4 _aالهندسة
650 0 4 _aجيولوجيا
650 0 4 _aالجيولوجيا الهندسية
942 _2ddc
_cBK
999 _c50423
_d50423